A farewell to arms

Uloženo v:
Podrobná bibliografie
Hlavní autor: Hemingway, Ernest (Autor)
Médium: Kniha
Jazyk:angličtina
Vydáno: Londres Penguin Books 1935
Témata:
Tagy: Přidat tag
Žádné tagy, Buďte první, kdo vytvoří štítek k tomuto záznamu!

MARC

LEADER 00000nam a2200000 a 4500
001 UCQ0352
003 CL-VaPUC
008 980627e19350000UK |||||||||||||||||eng|d
082 0 4 |a 813  |b HEM  |2 21 
100 |a Hemingway, Ernest  |e author  |9 582258 
245 1 2 |a A farewell to arms 
300 |a 255 p 
942 |c BK 
945 |d 19980627 00:00:00  |a crobeson 
260 |a Londres  |b Penguin Books  |c 1935 
650 0 |a Novelas estadounidenses  |9 265217 
650 0 |a Literatura estadounidense  |9 317168 
583 |a last modification  |c 20150417 16:47:28  |k Rodrigo Vera 
999 |c 271487  |d 271485 
952 |0 0  |1 0  |4 0  |6 813_000000000000000_HEM_1935  |7 0  |8 A  |9 306161  |a BIBEDU  |b BIBEDU  |d 2019-11-20  |i 1424084  |o 813 HEM 1935  |p 1424084  |r 2019-11-20  |w 2019-11-20  |y BK  |k LIT 
952 |0 0  |1 0  |4 0  |6 813_000000000000000_HEM_1935  |7 0  |8 A  |9 306162  |a BIBEDU  |b BIBEDU  |d 2019-11-20  |i 1461834  |o 813 HEM 1935  |p 1461834  |r 2019-11-20  |w 2019-11-20  |y BK  |k LIT